000 00843nam a2200241 a 4500
001 000020006
005 20200929170228.0
008 100709s1967 sp 001 f spa d
040 _aDO-SdBNP
_bspa
_cBNPHU
082 _a843.6
_bC492a, 1967
100 1 _aChateaubriand, François-René,
_cVizconde de,
_d1768-1848
_cVizconde de Chateaubriand
_942604
245 1 0 _aAtala. René :
_bel último abencerraje /
_cVizconde de Chateaubriand.
250 _a3a ed.
260 _aMadrid :
_bEspasa-Calpe,
_c1967.
300 _a173 p. ;
_c18 cm.
490 1 _aAustral. Azul: novelas y cuentos en general
_v50
504 _aIncluye índice de autores
650 4 _aNovela francesa
_91075
650 4 _aLiteratura francesa
_91074
830 0 _aAustral.
_pAzul: novelas y cuentos en general;
_v50
_922386
910 _aCatalogacion por WM
049 _aBNGR
999 _c19518
_d19518